LEADER 00973nam a2200229 i 4500 001 000000175343 003 CaOOAMICUS 005 20090224000000.0 008 090224s1971 it u000 u ita u 013 $a152820 040 $aSeMil$bita 100 1 $aSapori, Armando.$0(OLS)http://semarc/name/34538 245 10$aMondo finito /$cArmando Sapori. 260 $aVarese ; Milano :$bIstituto Editoriale Cisalpino,$cstampa 1971. 300 $a362 p. ;$c20 cm. 500 $aFondo card. Giovanni Colombo. - In cofanetto intitolato : "Ricorda". 850 $aSeMil 852 $aSeMil$W1$xVenegono$y1$m1B I 373$j235839$B126166$CSeMilBibl$Z2$F139714 $81 941 1 $a3 961 $aLascito: Colombo Card. Giovanni. -- Con dedica autografa dell'autore (Armando Sapori) al card. Giovanni Colombo (1° gennaio 1972) 996 $6245$aMondo finito$9(OLS)http://semarc/title/251478 996 $6260$aVarese ; Milano :$bIstituto Editoriale Cisalpino$9(OLS)http://semarc/publisher/35769 LEADER 00994nam a2200193 i 4500 001 000000057880 003 CaOOAMICUS 005 19971023000000.0 008 971023n xx u000 u fre u 013 $a29052 040 $aSeMil$bita 100 1 $aQueré, Martino .$0(OLS)http://semarc/name/29509 245 10$aMonseigneur de Mazenod Évêque de Marseille fondateur de la Congrégation des Missionnaires Oblats de Marie Immaculée et les Missions étrangères. 650 4$aEugène : de Mazenod .$0(OLS)http://semarc/subject/2525 650 4$aOblati di Maria Immacolata.$0(OLS)http://semarc/subject/11287 650 4$aTesi di laurea.$0(OLS)http://semarc/subject/1690 850 $aSeMil 852 $aSeMil$W1$xVenegono$y1$m2I V 544$j24034$B24034$CSeMilBibl$Z2$F24036 $81 996 $6245$aMonseigneur de Mazenod Évêque de Marseille fondateur de la Congrégation des Missionnaires Oblats de Marie Immaculée et les Missions étrangères$9(OLS)http://semarc/title/90124